000 00825nmm a2200277 a 4500
001 ocm000588586
003 TR-IsHL
005 20201028120915.0
008 130627s1998 tu tur
007 cr cn
020 _a9789754824414
035 _a588586
_b(N$T)
050 0 4 _aKKX2620
_b.G74 1998
090 0 4 _aKKX2620
_b.G74 1998
100 1 _aGöztepe, Ece
245 1 0 _aAnayasa şikayeti
_h[electronic resource] /
_cEce Göztepe
250 _a1. bs.
260 _aAnkara :
_bAnkara Üniversitesi Hukuk Fakültesi,
_c1998
300 _a166 p.
650 4 _aHukuk
650 4 _aLaw
650 0 _aAnayasa yargısı
650 0 _aConstitutional jurisdiction
650 7 _aLAW / Constitutional
_2bisacsh
856 4 0 _uhttp://search.ebscohost.com/login.aspx?direct=true&scope=site&db=e011xww&AN=588586
999 _c1037
_d1037